书目信息 |
| 题名: |
工程力学
|
|
| 作者: | 贾启芬 , 贾启芬 主编 | |
| 分册: | ||
| 出版信息: | 天津 天津大学出版社 2003.09 |
|
| 页数: | 472页 | |
| 开本: | 26cm | |
| 丛书名: | ||
| 单 册: | ||
| 中图分类: | TB12 | |
| 科图分类: | ||
| 主题词: | 工程力学--gong cheng li xue--高等教材--教材 | |
| 电子资源: | ||
| ISBN: | 7-5618-1825-4 | |
| 000 | 00815nam0 2200265 450 | |
| 001 | CAL 012003169951 | |
| 005 | 20050914110210.95 | |
| 010 | @a7-5618-1825-4@dCNY 38.00 | |
| 099 | @aCAL 012003169951 | |
| 100 | @a20031103d2003 ekmy0chiy0121 ea | |
| 101 | 0 | @achi |
| 102 | @aCN@b120000 | |
| 105 | @aa ao 000yy | |
| 200 | 1 | @a工程力学@Agong cheng li xue@d= Engineering mechanics@f贾启芬等主编@Fjia qi fen deng zhu bian@zeng |
| 210 | @a天津@c天津大学出版社@d2003.09 | |
| 215 | @a472页@c图@d26cm | |
| 320 | @a有书目 | |
| 333 | @a天津市高校“十五”规划教材 | |
| 510 | 1 | @aEngineering mechanics@zeng |
| 606 | 0 | @a工程力学@Agong cheng li xue@x高等教材@j教材 |
| 690 | @aTB12@v4 | |
| 701 | 0 | @a贾启芬@Ajia qi fen@4主编 |
| 701 | 0 | @a贾启芬@Ajia qi fen@4主编 |
| 801 | 0 | @c20050914 |
| 905 | @a10447@dTB12@eJ243 | |
| 工程力学= Engineering mechanics/贾启芬等主编.-天津:天津大学出版社,2003.09 |
| 472页:图;26cm |
| 使用对象:天津市高校“十五”规划教材 |
| ISBN 7-5618-1825-4:CNY 38.00 |
| ● |
| 相关链接 |
|
|
|
正题名:工程力学
索取号:TB12/J243
 
预约/预借
| 序号 | 登录号 | 条形码 | 馆藏地/架位号 | 状态 | 备注 |
| 1 | 551060 | 205510605 | 期刊室512/501自科库 2排3列4层/ [索取号:TB12/J243] | 在馆 | |
| 2 | 551061 | 205510614 | 自科库501/501自科库 2排3列4层/ [索取号:TB12/J243] | 在馆 | |
| 3 | 551062 | 205510623 | 自科库501/501自科库 2排3列4层/ [索取号:TB12/J243] | 在馆 |